লোডিং...

Stone age in South Asia

গ্রন্থ-পঞ্জীর বিবরন
প্রধান লেখক: Sharma, D P
বিন্যাস: Printed Book
প্রকাশিত: Delhi R.R 2017
LEADER 00340nam a22001097a 4500
082 |a 934  |b SHA.S 
100 |a Sharma, D P 
245 |a Stone age in South Asia 
260 |a Delhi  |b R.R  |c 2017 
942 |c BK 
999 |c 21776  |d 21776 
952 |0 0  |1 0  |4 0  |6 934_000000000000000_SHA_S  |7 0  |9 24394  |a CAMPUS  |b CAMPUS  |d 2018-03-09  |l 0  |o 934 SHA.S  |p 25467  |r 2018-03-09  |w 2018-03-09  |y BK